ბათუმის შოთა რუსთაველის სახელმწიფო უნივერსიტეტის ბიბლიოთეკა

ხრონოღრაფი გიორგი მონაზონისაი / (ბიბ.ჩანაწერი № 56535)

000 -ლიდერი
ფიქსირებული სიგრძის საკონტროლო ველი 01297nam a2200253Ia 4500
001 - საკონტროლო ნომერი
საკონტროლო ველი 23649
003 - საკონტროლო ნომრის იდენტიფიკატორი
საკონტროლო ველი GE_BSU
005 - ბოლო ოპერაციის თარიღი და დრო
საკონტროლო ველი 20260227153124.0
008 - ფიქსირებული სიგრძის მონაცემთა ელემენტები - ზოგადი ინფორმაცია
ფიქსირებული სიგრძის საკონტროლო ველი 181216s1920||||ge |||||||||||||| ||geo||
040 ## - კატალოგიზაციის წყარო
Transcribing agency GE_BSU
041 ## - ენის კოდი
Language code of text/sound track or separate title geo
080 ## - უნივერსალური ათობითი კლასიფიკაციის ინდექსი
Universal Decimal Classification number 930(495)"01/04 ყ-36
100 ## - მთავარი ჩანაწერი - პიროვნების სახელი
Personal name ყაუხჩიშვილი, სიმ.
9 (RLIN) 17670
245 ## - ცნობა სათაურის შესახებ
Title ხრონოღრაფი გიორგი მონაზონისაი /
Statement of responsibility, etc სიმ. ყაუხჩიშვილი ; [თარგმანი არსენ იყალთოელისა].
264 ## - წარმოების, გამოცემის, დისტრიბუციის და სხვა ცნობები
გამოცემის, წარმოების, დისტრიბუციის... ადგილი ტფილისი :
გამოცემის, წარმოების, დისტრიბუციის... სახელწოდება სტამბა "სახალხო საქმე,
გამოცემის, წარმოების, დისტრიბუციის... თარიღი 1920.
300 ## - ფიზიკური აღწერა
Extent 328, [1]გვ. ;
Dimensions 24 სმ.
Accompanying material INDEX გვ. 310-324
490 ## - სერიის ცნობა
Series statement ქართული ძეგლები. საისტორიო მწერლობა 1.
500 ## - ზოგადი შენიშვნა
General note კანი და თავფურც. ქართულ და ლათინურ ენაზე
653 ## - INDEX TERM--UNCONTROLLED
Uncontrolled term ბიზანტიის ისტორიოგრაფია
653 ## - INDEX TERM--UNCONTROLLED
Uncontrolled term ხრონოღრაფი გიორგი მონაზონისაი
700 ## - ADDED ENTRY--PERSONAL NAME
Personal name არსენ იყალთოელის
Relator term თარგმანი
9 (RLIN) 27020
942 ## - ADDED ENTRY ELEMENTS (KOHA)
Koha item type წიგნი
Source of classification or shelving scheme
ეგზემპლარები
ჩამოწერის სტატუსი დაკარგული ეგზემპლარის სტატუსი კლასიფიკაციის წყარო ან თაროზე გაწყობის სქემა დაზიანების სტატუსი არ გაიცემა მუდმივი მდებარეობა (დაცვის ადგილი) ამჟამინდელი ადგილსამყოფელი თაროზე განთავსების ადგილი შეძენის თარიღი ღირებულება, შესყიდვის ნორმალური ფასი სრული შენახვის შიფრი შტრიხკოდი ბოლო ოპერაციის თარიღი ეგზემპლარის მიმდევრობითი ნომერი (კეტერი?) ფასის ძალაში შესვლის თარიღი ეგზემპლარის სახეობა საჯარო შენიშვნა
          ბათუმის შოთა რუსთაველის სახელმწიფო უნივერსიტეტის მთავარი ბიბლიოთეკა ბათუმის შოთა რუსთაველის სახელმწიფო უნივერსიტეტის მთავარი ბიბლიოთეკა წიგნსაცავი 2018-12-17 2.00 930(495) ყ-36 28468 2018-12-17 28468 2018-12-17 წიგნი 2.00 ₾.